|
|
|
|
| LEADER |
01622njm a2200409 a 4500 |
| 001 |
000266848 |
| 003 |
CZ BrMZK |
| 005 |
19950101143423.0 |
| 008 |
950101s1993 xr f eng d |
| 028 |
0 |
3 |
|a 11 1806-2 112
|b Supraphon
|
| 028 |
0 |
3 |
|a 11 1807-2 112
|b Supraphon
|
| 040 |
|
|
|a BOA001
|b cze
|
| 080 |
|
|
|a 787.1.082.2(086.7)
|2 MRF
|
| 080 |
|
|
|a 787.1.083(086.7)
|2 MRF
|
| 100 |
1 |
|
|a Bach, Johann Sebastian,
|d 1685-1750
|7 jn19990000367
|4 cmp
|
| 245 |
1 |
0 |
|a Sonatas and Partitas for Solo Violin BWV 1001-1003
|h [zvukový záznam] /
|c Johann Sebastian Bach.
|
| 246 |
3 |
3 |
|a Sonata no. 2 in A minor, BWV 1003
|
| 246 |
3 |
3 |
|a Partita No. 1 in B minor, BWV 1002
|
| 246 |
3 |
3 |
|a Partita No. 2 in D minor, BWV 1004
|
| 246 |
3 |
3 |
|a Partita No. 3 in E major, BWV 1006
|
| 246 |
3 |
3 |
|a Sonata No. 1 in G minor, BWV 1001
|
| 246 |
3 |
3 |
|a Sonata No. 3 in C major, BWV 1005
|
| 260 |
|
|
|a Praha :
|b Supraphon,
|c p1971, c 1993
|
| 300 |
|
|
|a 2 CD :
|b stereo, AAD ;
|c 12 cm +
|e 1 brožura [16 s.].
|
| 306 |
|
|
|a 010815
|a 011527
|
| 500 |
|
|
|a Durata 68:15, 75:27
|
| 500 |
|
|
|a Text v brožuře vícejaz.
|
| 500 |
|
|
|a Nahr. 1969
|
| 505 |
2 |
|
|a Sonata No. 1 in G minor, BWV 1001, Partita No. 1 in B minor, BWV 1002, Sonata No. 2 in A minor, BWV 1003...[et al.]
|
| 511 |
0 |
|
|a Břetislav Novotný, housle
|
| 653 |
0 |
|
|a barokní hudba
|a houslové partity
|a houslové sonáty
|
| 700 |
1 |
|
|a Novotný, Břetislav,
|d 1924-2019
|7 ola200203030
|4 prf
|
| 910 |
|
|
|a BOA001
|b CD-0001.950
|
| 964 |
|
|
|a Housle
|x sonáty
|x CD
|
| 964 |
|
|
|a Housle
|x CD
|
| 990 |
|
|
|a AV
|
| 996 |
6 |
|
|b 261H001982
|c CD-0001.950
|l MZK
|r Sklad / do 24 hodin
|n 0
|w 000266848
|u 000010
|a 1
|e BOA001
|j MZK50
|s P
|